[Event "Olongapo City Puregold op-B"]
[Site "Olongapo City"]
[Date "2015.11.17"]
[Round "2"]
[White "Tatoy, Glesit Marie"]
[Black "Talan, Walt Allen"]
[Result "0-1"]
[WhiteElo "1418"]
[BlackElo "2040"]
[PlyCount "132"]
[EventDate "2015.11.17"]
[EventType "swiss"]
[EventRounds "9"]
[EventCountry "PHI"]
[SourceTitle "EXT 2017"]
[Source "ChessBase"]
[SourceDate "2016.10.25"]
[SourceVersion "1"]
[SourceVersionDate "2016.10.25"]
[SourceQuality "1"]

1. e4 c6 2. d4 d5 3. Nc3 dxe4 4. Nxe4 Bf5 5. Ng3 Bg6 6. h4 h6 7. Nf3 Nd7 8. Be3 e6 9. Bd3 Bxd3 10. Qxd3 Ngf6 11. 0-0-0 Qc7 12. Ne4 0-0-0 13. Nxf6 Nxf6 14. Qe2 Bd6 15. Kb1 Rhe8 16. Rhe1 c5 17. dxc5 Bxc5 18. Bxc5 Qxc5 19. Ne5 Qc7 20. Nd3 Rd4 21. g3 Red8 22. Nf4 Qc5 23. Rxd4 Qxd4 24. Kc1 Qa4 25. a3 Qc6 26. Rd1 g5 27. Rxd8+ Kxd8 28. Qd2+ Ke8 29. hxg5 hxg5 30. Nd3 Qf3 31. Qd1 Qf5 32. Qe2 g4 33. Qe5 Qxe5 34. Nxe5 Ne4 35. Nxg4 f5 36. f3 Nxg3 37. Ne5 Ke7 38. Kd2 Kd6 39. Nc4+ Kd5 40. Kd3 b5 41. Ne3+ Ke5 42. Ng2 Nh5 43. b3 Kd5 44. Ne3+ Kd6 45. c4 bxc4+ 46. Kxc4 Ke5 47. Ng2 Nf4 48. Ne1 Kd6 49. Kb5 Kc7 50. Ka6 Kb8 51. b4 e5 52. Nc2 Nd5 53. b5 e4 54. fxe4 fxe4 55. Nd4 e3 56. Ne2 Nb6 57. Nd4 Nd7 58. a4 Nc5+ 59. Ka5 Nb3+ 60. Nxb3 e2 61. Nc5 e1Q+ 62. Ka6 Qe3 63. Nd7+ Ka8 64. a5 Qe6+ 65. Nb6+ axb6 66. axb6 Qa2# 0-1